000 01263nam0a22003131 4500
001 rc\2142949
005 20110829173631.0
035 _a(NLR Aleph) 006702285
090 _a5256697
_c5256697
100 _a20110829d1979 |||y0rusy50 ca
101 0 _arus
102 _aRU
105 _aa z |||||
200 1 _aКурсовое проектирование деталей машин
_e[Учеб. пособие для машиностроит. техникумов
_fС.А. Чернавский, Г.М. Ицкович, К.Н. Боков и др.
_gРед. С.А. Чернавский]
210 _aМосква
_cМашиностроение
_d1979
215 _a351 с.
_cил.
_d22
300 _aАвт. указаны на обороте тит. л.
320 _aБиблиогр.: с. 324-325 (33 назв.)
606 _aДетали машин
_xКурсовое проектирование
_2psbo
701 1 _aИцкович
_bГ. М.
701 1 _aБоков
_bК. Н.
702 1 _aЧернавский
_bС. А.
_gСергей Александрович
_4570
801 0 _aRU
_bNLR
_gpsbo
801 1 _aRU
_bELAR
_2rusmarc
852 _aNLR
_j80-5/194
899 _aRuMoRGB
_jB 79-46/327
899 _aRuMoRGB
_jB 79-46/328
942 _cBOOK
980 _aNB